On grounds of neglect (Record no. 72195)
[ view plain ]
| 000 -LEADER | |
|---|---|
| fixed length control field | 00915cam a2200205 4500 |
| 001 - CONTROL NUMBER | |
| control field | X121482 |
| 008 - FIXED-LENGTH DATA ELEMENTS--GENERAL INFORMATION | |
| fixed length control field | 030303n2003 000 0 eng u |
| 035 ## - SYSTEM CONTROL NUMBER | |
| System control number | (Sirsi) u121482 |
| 100 ## - MAIN ENTRY--PERSONAL NAME | |
| Personal name | Osborne, H. |
| 245 ## - TITLE STATEMENT | |
| Title | On grounds of neglect |
| 260 ## - PUBLICATION, DISTRIBUTION, ETC. | |
| Date of publication, distribution, etc. | 2003 |
| 490 ## - SERIES STATEMENT | |
| Series statement | Estates Gazette |
| Volume/sequential designation | (0305) 1 February 2003, 134-135(2) |
| 520 ## - SUMMARY, ETC. | |
| Summary, etc. | Reviews the Football Foundation's new database "Register of English football facilities" (REFF), which aims to identify every football facility in the UK, intending to make it easier for developers to improve facilities by highlighting those which need repair. The site can be found at www.reff.org.uk. |
| 650 ## - SUBJECT ADDED ENTRY--TOPICAL TERM | |
| Topical term or geographic name entry element | FOOTBALL GROUNDS |
| 650 ## - SUBJECT ADDED ENTRY--TOPICAL TERM | |
| Topical term or geographic name entry element | REGISTER OF ENGLISH FOOTBALL FACILITIES |
| 650 ## - SUBJECT ADDED ENTRY--TOPICAL TERM | |
| Topical term or geographic name entry element | SPORTS FACILITIES |
| 690 ## - LOCAL SUBJECT ADDED ENTRY--TOPICAL TERM (OCLC, RLIN) | |
| Topical term or geographic name as entry element | LEISURE AND RECREATION |
| 856 ## - ELECTRONIC LOCATION AND ACCESS | |
| Uniform Resource Identifier | <a href="https://pitchfinder.org.uk/">https://pitchfinder.org.uk/</a> |
| Public note | View the database free of charge at pitchfinder.org.uk |
| 942 ## - ADDED ENTRY ELEMENTS (KOHA) | |
| Suppress in OPAC | 0 |
| Withdrawn status | Lost status | Source of classification or shelving scheme | Damaged status | Not for loan | Home library | Current library | Shelving location | Date acquired | Total Checkouts | Full call number | Barcode | Date last seen | Copy number | Price effective from | Koha item type |
|---|---|---|---|---|---|---|---|---|---|---|---|---|---|---|---|
| Dewey Decimal Classification | London | London | Journal article | 03/03/2003 | X121482 | 121482-1001 | 06/08/2019 | 1 | 06/08/2019 | Journal article |